Points of View Readings in American Government and Politics

Salvato in:
Dettagli Bibliografici
Altri autori: DiClerico, Robert E., Hammock, Allan S.
Natura: Libro
Lingua:inglese
Pubblicazione: New York Random House 1989
Edizione:4. ed.
Soggetti:
Tags: Aggiungi Tag
Nessun Tag, puoi essere il primo ad aggiungerne!!

MARC

LEADER 00000nam a2200000 4500
001 c004021
005 20221206131532.0
020 |a 0-394-38577-2 
041 0 |a eng 
044 |a US 
245 1 0 |a Points of View  |b Readings in American Government and Politics  |c Edit. Robert E. Diclerico, Allan S. Hammock 
250 |a 4. ed. 
264 1 |a New York  |b Random House  |c 1989 
300 |a 348 s. 
610 2 0 |a USA 
610 2 0 |a vláda 
610 2 0 |a demokracia 
610 2 0 |a ústava 
610 2 0 |a politika vnútorná 
610 2 0 |a voľby 
610 2 0 |a parlamenty 
610 2 0 |a práva ľudské 
700 1 |a DiClerico, Robert E. 
700 1 |a Hammock, Allan S.